Guess the Changing Flags #4 - Statistics

General Stats
  • This quiz has been taken 27 times
  • The average score is 9 of 15
Answer Stats
Hint Answer % Correct
Replace the sun with a white crescent and star symbol,then swap the middle stripe and the top one Libya
94%
Move the top stripe to the bottom and rotate to the right by 90 degrees Belgium
81%
Remove the symbols, paint the bottom stripe gold andmove the middle stripe to the top Germany
81%
Paint the left stripe blue Romania | Chad
81%
Move the middle stripe to the left, paint it red and puta yellow Soyombo symbol in it Mongolia
75%
Remove the symbol, move the middle stripe to thetop-left corner (in order to make it a rectangle) and put 5 white stars in it Samoa
69%
Replace the stars with a white sun Taiwan
69%
Paint the background blue, put a yellow eagle rightbelow the sun and a yellow pattern in the left Kazakhstan
63%
Remove the sun and the eagle, make the patterna stripe and add another one - yellow, horizontal Sweden
56%
Move the sun to the middle, paint it yellow and paintthe top-left corner red Kyrgyzstan
50%
Remove 49 stars Liberia
50%
Replace the symbol with 50 white stars United States
50%
Paint the cross white, zoom it out, move it to thetop-left corner and add a white-blue striped pattern in the remaining part of the flag Greece
44%
Paint all the blue stripes red, replace the cross witha yellow crescent and a yellow star Malaysia
44%
Reduce the number of stripes to just 2 so thatthe top one is white and the bottom one is red Chile
25%
No matching quizzes found
Score Distribution
Percent of People with Each Score
Percentile by Number Answered
Your Score History
You have not taken this quiz